Verbal ability and reasoning : (Record no. 64212)

MARC details
000 -LEADER
fixed length control field 00566nam a22001577a 4500
005 - DATE AND TIME OF LATEST TRANSACTION
control field 20120321121824.0
020 ## - INTERNATIONAL STANDARD BOOK NUMBER
Terms of availability 90.00
035 ## - SYSTEM CONTROL NUMBER
System control number B-10367
037 ## - SOURCE OF ACQUISITION
Stock number DPL
Source of stock number/acquisition ENG
100 ## - MAIN ENTRY--PERSONAL NAME
Personal name Prashant Kumar
245 ## - TITLE STATEMENT
Title Verbal ability and reasoning :
Remainder of title 100 sets of full length test papers /
Statement of responsibility, etc by Prashant Kumar
260 ## - PUBLICATION, DISTRIBUTION, ETC. (IMPRINT)
Place of publication, distribution, etc New Delhi
Name of publisher, distributor, etc Cosmos Bookhive (P) Ltd.
300 ## - PHYSICAL DESCRIPTION
Extent 170p.
Dimensions 32 cms.
942 ## - ADDED ENTRY ELEMENTS (KOHA)
Source of classification or shelving scheme Dewey Decimal Classification
Item type English Books
Classification part 158.93
Call number suffix PRA
Holdings
Withdrawn status Lost status Not for loan Collection code Home library Current library Date acquired Cost, normal purchase price Full call number Barcode Cost, replacement price Koha item type
      Non-fiction Sarojini Nagar Sarojini Nagar 21/03/2012 90.00 158.93 PRA B-10367 90.00 English Books

© Delhi Public Library
Hit Counter
free hit counter